[Event "Silkway Cup Online"]
[Site "Playchess.com INT"]
[Date "2020.05.28"]
[Round "14"]
[White "Oboladze, Luka"]
[Black "Arabidze, Meri"]
[Result "1/2-1/2"]
[WhiteElo "2405"]
[BlackElo "2428"]
[PlyCount "111"]
[EventDate "2020.05.26"]
[EventType "swiss (blitz)"]
[EventRounds "15"]
[EventCountry "AZE"]
[SourceTitle "CBM 196"]
[Source "ChessBase"]
[SourceDate "2020.06.30"]
[SourceVersion "1"]
[SourceVersionDate "2020.06.30"]
[SourceQuality "1"]

1. e4 c5 2. Nf3 e6 3. b3 a6 4. Bb2 Nc6 5. d4 cxd4 6. Nxd4 d6 7. Nxc6 bxc6 8. Bd3 Nf6 9. 0-0 Be7 10. c4 0-0 11. Nc3 e5 12. Na4 c5 13. Qd2 Bb7 14. Rae1 Nh5 15. g3 Bc8 16. f3 g6 17. Nc3 Be6 18. Nd5 Bxd5 19. cxd5 a5 20. f4 Bf6 21. Be2 Ng7 22. Qc3 Ne8 23. Qc2 Bg7 24. Bb5 exf4 25. Bxg7 Nxg7 26. gxf4 Nh5 27. Bc6 Ra7 28. e5 Rc7 29. Kh1 Re7 30. Qf2 Qc7 31. Qb2 Rd8 32. Re2 Ng7 33. Rfe1 Nf5 34. exd6 Qxd6 35. Re5 Rxe5 36. fxe5 Qc7 37. Qc3 Nd4 38. Qxc5 Nxc6 39. Qxc6 Qe7 40. e6 fxe6 41. Qxe6+ Qxe6 42. dxe6 Kg7 43. Re5 Re8 44. Kg2 Kf6 45. Rxa5 Rxe6 46. Ra7 Re2+ 47. Kg3 h5 48. b4 Rb2 49. a3 g5 50. Ra5 Rb3+ 51. Kg2 Rb2+ 52. Kg3 Rb3+ 53. Kf2 Rb2+ 54. Kg1 Rb1+ 55. Kg2 Rb2+ 56. Kg3 1/2-1/2

[Event "Silkway Cup Online"]
[Site "Playchess.com INT"]
[Date "2020.05.26"]
[Round "3"]
[White "Oboladze, Luka"]
[Black "Khukhashvili, Sopiko"]
[Result "1-0"]
[WhiteElo "2405"]
[BlackElo "2339"]
[PlyCount "61"]
[EventDate "2020.05.26"]
[EventType "swiss (blitz)"]
[EventRounds "15"]
[EventCountry "AZE"]
[SourceTitle "CBM 196"]
[Source "ChessBase"]
[SourceDate "2020.06.30"]
[SourceVersion "1"]
[SourceVersionDate "2020.06.30"]
[SourceQuality "1"]

1. d4 Nf6 2. c4 e6 3. Nc3 Bb4 4. Qc2 0-0 5. e4 d5 6. e5 Nfd7 7. a3 Bxc3+ 8. bxc3 c5 9. Bd3 cxd4 10. cxd4 Nc6 11. Ne2 Qh4 12. Be3 dxc4 13. Bxc4 Nb6 14. Bd3 Nd5 15. 0-0 Bd7 16. Qd2 h6 17. f4 Nce7 18. Bf2 Qh5 19. h3 f5 20. exf6 Nxf6 21. Ng3 Qf7 22. Rae1 Nf5 23. Ne4 Bc6 24. Nxf6+ Qxf6 25. Re5 Rad8 26. Bxf5 exf5 27. d5 Qd6 28. Rd1 a6 29. Qc3 Be8 30. Bc5 Qg6 31. Bxf8 1-0

[Event "EU-chT 22nd"]
[Site "Batumi"]
[Date "2019.10.28"]
[Round "5.11"]
[White "Oboladze, Luka"]
[Black "Michalik, Peter"]
[Result "1/2-1/2"]
[WhiteElo "2336"]
[BlackElo "2578"]
[PlyCount "88"]
[EventDate "2019.10.24"]
[EventType "team-swiss"]
[EventRounds "9"]
[EventCountry "GEO"]
[SourceTitle "CBM 193"]
[Source "ChessBase"]
[SourceDate "2019.12.31"]
[SourceVersion "1"]
[SourceVersionDate "2019.12.31"]
[SourceQuality "1"]
[WhiteTeam "Georgia II"]
[BlackTeam "Czech Republic"]
[WhiteTeamCountry "GEO"]
[BlackTeamCountry "CZE"]

1. d4 Nf6 2. c4 e6 3. Nf3 d5 4. g3 dxc4 5. Bg2 Nc6 6. Qa4 Bd7 7. Qxc4 Bd6 8. Nc3 0-0 9. Bf4 Rb8 10. Ne5 b5 11. Qd3 Nb4 12. Qd2 Nbd5 13. Bg5 Nxc3 14. Qxc3 Be8 15. 0-0 h6 16. Bxf6 Qxf6 17. b4 Qe7 18. Nd3 f6 19. e4 e5 20. dxe5 Bxe5 21. Nxe5 Qxe5 22. Qxe5 fxe5 23. Rfc1 Rf7 24. Rc5 Re7 25. Bf1 a6 26. Rd1 Bh5 27. Rd3 Rf8 28. f4 Bf7 29. f5 Bxa2 30. Ra3 Bb1 31. Bg2 Rd8 32. Rc1 Bd3 33. Rxa6 Rd4 34. f6 Rf7 35. fxg7 Kxg7 36. Rac6 Bxe4 37. Rxc7 Rxb4 38. Bxe4 Rxe4 39. Rxf7+ Kxf7 40. Rc6 h5 41. Kf2 h4 42. Rc5 hxg3+ 43. hxg3 b4 44. Kf3 Rd4 1/2-1/2

[Event "Tbilisi Gaprindashvili Cup"]
[Site "Tbilisi"]
[Date "2019.09.28"]
[Round "8"]
[White "Zhukova, Natalia"]
[Black "Oboladze, Luka"]
[Result "0-1"]
[WhiteElo "2333"]
[BlackElo "2336"]
[PlyCount "62"]
[EventDate "2019.09.21"]
[EventType "swiss"]
[EventRounds "9"]
[EventCountry "GEO"]
[SourceTitle "EXT 2020"]
[Source "ChessBase"]
[SourceDate "2019.10.17"]
[SourceVersion "1"]
[SourceVersionDate "2019.10.17"]
[SourceQuality "1"]

1. Nf3 Nf6 2. c4 e6 3. b3 b6 4. Bb2 Bb7 5. Nc3 d5 6. cxd5 exd5 7. e3 Nbd7 8. Rc1 a6 9. d4 Bd6 10. Bd3 0-0 11. 0-0 Ne4 12. Ne2 Qe7 13. Ng3 f5 14. Qc2 c6 15. Qe2 a5 16. a4 Rf6 17. Rc2 Raf8 18. Rfc1 Rh6 19. Ba6 Ba8 20. Bd3 g5 21. Rxc6 Bxc6 22. Rxc6 Rg6 23. Qc2 g4 24. Nd2 Bxg3 25. Rxg6+ hxg6 26. hxg3 Nxg3 27. Nb1 Qe6 28. Ba3 Rf7 29. Nc3 Rh7 30. fxg3 Qxe3+ 31. Qf2 Rh1+ 0-1

[Event "Tbilisi Gaprindashvili Cup"]
[Site "Tbilisi"]
[Date "2019.09.27"]
[Round "7"]
[White "Oboladze, Luka"]
[Black "Tutisani, Noe"]
[Result "1/2-1/2"]
[WhiteElo "2336"]
[BlackElo "2412"]
[PlyCount "24"]
[EventDate "2019.09.21"]
[EventType "swiss"]
[EventRounds "9"]
[EventCountry "GEO"]
[SourceTitle "EXT 2020"]
[Source "ChessBase"]
[SourceDate "2019.10.17"]
[SourceVersion "1"]
[SourceVersionDate "2019.10.17"]
[SourceQuality "1"]

1. e4 c5 2. Nf3 a6 3. c3 e6 4. d4 d5 5. exd5 exd5 6. Bd3 c4 7. Bc2 Bd6 8. 0-0 Ne7 9. b3 cxb3 10. axb3 Nbc6 11. Ba3 Bg4 12. Re1 Bh5 1/2-1/2

[Event "EU-ch U18"]
[Site "Bratislava"]
[Date "2019.08.10"]
[Round "9"]
[White "Hurdzan, Tomas"]
[Black "Oboladze, Luka"]
[Result "0-1"]
[WhiteElo "2231"]
[BlackElo "2323"]
[PlyCount "76"]
[EventDate "2019.08.02"]
[EventType "swiss"]
[EventRounds "9"]
[EventCountry "SVK"]
[SourceTitle "CBM 191 Extra"]
[Source "ChessBase"]
[SourceDate "2019.09.30"]
[SourceVersion "1"]
[SourceVersionDate "2019.09.30"]
[SourceQuality "1"]

1. e4 c5 2. Nf3 Nc6 3. d4 cxd4 4. Nxd4 Nf6 5. Nc3 e5 6. Ndb5 d6 7. Bg5 a6 8. Na3 b5 9. Nd5 Be7 10. Bxf6 Bxf6 11. c4 b4 12. Nc2 a5 13. g3 Be6 14. Bg2 0-0 15. 0-0 Rb8 16. Qd3 Bg5 17. Rad1 Qd7 18. b3 Bd8 19. Kh1 Qa7 20. f4 f6 21. Rfe1 Kh8 22. Qf1 a4 23. Bh3 Bxh3 24. Qxh3 axb3 25. axb3 Qa2 26. Qd7 Qxc2 27. Qxc6 exf4 28. Qxd6 Ba5 29. Qxf4 Qxb3 30. c5 Rbc8 31. Rc1 Qb2 32. Ne7 Ra8 33. Ra1 b3 34. Red1 Qe2 35. Nd5 Bd2 36. Qd6 Qxe4+ 37. Kg1 Qd4+ 38. Kg2 Rad8 0-1

[Event "EU-ch U18"]
[Site "Bratislava"]
[Date "2019.08.02"]
[Round "1"]
[White "Ihnat, Marek1111"]
[Black "Oboladze, Luka"]
[Result "0-1"]
[WhiteElo "1972"]
[BlackElo "2323"]
[PlyCount "78"]
[EventDate "2019.08.02"]
[EventType "swiss"]
[EventRounds "9"]
[EventCountry "SVK"]
[SourceTitle "CBM 191 Extra"]
[Source "ChessBase"]
[SourceDate "2019.09.30"]
[SourceVersion "1"]
[SourceVersionDate "2019.09.30"]
[SourceQuality "1"]

1. e4 c5 2. Nc3 e6 3. Nf3 a6 4. d4 cxd4 5. Nxd4 Qc7 6. Bd3 Nf6 7. 0-0 Nc6 8. Nxc6 dxc6 9. Kh1 e5 10. Be3 Ng4 11. Bg5 h6 12. Bh4 g5 13. Bg3 h5 14. Be2 Bc5 15. Bxg4 Bxg4 16. f3 Be6 17. Qd2 Be7 18. Bf2 Rd8 19. Qe2 b5 20. Rfd1 0-0 21. Be3 Rxd1+ 22. Rxd1 Rd8 23. Rxd8+ Qxd8 24. a3 a5 25. Kg1 Bc4 26. Qe1 Qd6 27. b3 Be6 28. a4 b4 29. Nd1 g4 30. Nf2 gxf3 31. gxf3 h4 32. Nd3 Bxb3 33. Bc5 Qg6+ 34. Kf2 Bxc2 35. Bxe7 Bxd3 36. Bxh4 Qd6 37. Qe3 Qd4 38. Bf6 c5 39. Be7 b3 0-1

[Event "EU-ch 20th"]
[Site "Skopje"]
[Date "2019.03.28"]
[Round "10"]
[White "Karaoglan, Doruk"]
[Black "Oboladze, Luka"]
[Result "1/2-1/2"]
[WhiteElo "2197"]
[BlackElo "2340"]
[PlyCount "70"]
[EventDate "2019.03.18"]
[EventType "swiss"]
[EventRounds "11"]
[EventCountry "MKD"]
[SourceTitle "CBM 189"]
[Source "ChessBase"]
[SourceDate "2019.04.29"]
[SourceVersion "1"]
[SourceVersionDate "2019.04.29"]
[SourceQuality "1"]

1. e4 c5 2. Nc3 Nc6 3. g3 g6 4. Bg2 Bg7 5. d3 d6 6. f4 f5 7. Nf3 Nf6 8. 0-0 0-0 9. Kh1 Rb8 10. Be3 b5 11. Rb1 Kh8 12. exf5 Bxf5 13. Nh4 Bg4 14. Qd2 Qd7 15. Ne2 Nh5 16. Nf3 Bh3 17. d4 cxd4 18. Nexd4 Bxg2+ 19. Qxg2 Na5 20. Ng5 Nc4 21. Bg1 Rfc8 22. b3 Nb6 23. Rbe1 Bf6 24. Nge6 Ng7 25. g4 Nxe6 26. Nxe6 Qc6 27. Qxc6 Rxc6 28. Nd4 Rc7 29. Nxb5 Rxc2 30. g5 Bb2 31. Nd4 Rc7 32. f5 gxf5 33. Ne6 Rc2 34. Rxf5 Rg8 35. Nd4 Rc7 1/2-1/2

[Event "EU-ch 20th"]
[Site "Skopje"]
[Date "2019.03.24"]
[Round "6"]
[White "Godena, Michele"]
[Black "Oboladze, Luka"]
[Result "1-0"]
[WhiteElo "2449"]
[BlackElo "2340"]
[PlyCount "81"]
[EventDate "2019.03.18"]
[EventType "swiss"]
[EventRounds "11"]
[EventCountry "MKD"]
[SourceTitle "CBM 189"]
[Source "ChessBase"]
[SourceDate "2019.04.29"]
[SourceVersion "1"]
[SourceVersionDate "2019.04.29"]
[SourceQuality "1"]

1. e4 c5 2. Nf3 d6 3. d4 cxd4 4. Qxd4 Nc6 5. Bb5 Bd7 6. Qd3 Nf6 7. c4 a6 8. Bxc6 Bxc6 9. Nc3 e6 10. 0-0 Be7 11. Nd4 Rc8 12. b3 0-0 13. Bb2 Qa5 14. Rfe1 Rc7 15. a4 Qh5 16. Rad1 Rd8 17. Ba3 Be8 18. h3 h6 19. Qe3 Nd7 20. Nf5 exf5 21. Nd5 Bg5 22. f4 Bh4 23. Nxc7 Bxe1 24. Rxe1 Nf6 25. e5 dxe5 26. Be7 exf4 27. Qf3 Qxf3 28. gxf3 Rd3 29. Bxf6 Bc6 30. Be5 Rxb3 31. Nd5 Bxa4 32. Kf2 Bd7 33. Bxf4 Be6 34. Ne7+ Kh7 35. c5 Rb2+ 36. Kg3 g5 37. Be5 Rc2 38. Rd1 Bc4 39. f4 g4 40. Rd8 Rc1 41. Rh8# 1-0

[Event "EU-ch 20th"]
[Site "Skopje"]
[Date "2019.03.20"]
[Round "3"]
[White "Oboladze, Luka"]
[Black "Nasuta, Grzegorz"]
[Result "1/2-1/2"]
[WhiteElo "2340"]
[BlackElo "2517"]
[PlyCount "90"]
[EventDate "2019.03.18"]
[EventType "swiss"]
[EventRounds "11"]
[EventCountry "MKD"]
[SourceTitle "CBM 189"]
[Source "ChessBase"]
[SourceDate "2019.04.29"]
[SourceVersion "1"]
[SourceVersionDate "2019.04.29"]
[SourceQuality "1"]

1. c4 g6 2. Nc3 c5 3. g3 Bg7 4. Bg2 Nc6 5. Nf3 e6 6. d4 cxd4 7. Nb5 d5 8. cxd5 exd5 9. 0-0 Nge7 10. Nbxd4 0-0 11. b3 Nf5 12. Nxc6 bxc6 13. Rb1 Qa5 14. Qc2 Be6 15. Bf4 c5 16. Be5 f6 17. Ba1 Rac8 18. Rfd1 Rfd8 19. e3 d4 20. e4 Nd6 21. Nd2 c4 22. bxc4 Nxc4 23. Nxc4 Rxc4 24. Qe2 Ra4 25. a3 Bc4 26. Qg4 d3 27. Rb7 Rxa3 28. Bb2 Rb3 29. e5 Qa4 30. Bd5+ Bxd5 31. Rxg7+ Kxg7 32. Qxa4 Rxb2 33. exf6+ Kf7 34. Qxa7+ Rb7 35. Qe3 Bc4 36. h4 Rbd7 37. Rd2 Be6 38. h5 Kxf6 39. Qf4+ Bf5 40. Qh4+ g5 41. Qb4 g4 42. Qf4 Rd4 43. Qc7 R8d7 44. Qb8 Rd8 45. Qc7 R8d7 1/2-1/2

[Event "Marianske Lazne GM-A1 18th"]
[Site "Marianske Lazne"]
[Date "2019.01.23"]
[Round "6"]
[White "Simek, Petr1111"]
[Black "Oboladze, Luka"]
[Result "1/2-1/2"]
[WhiteElo "2330"]
[BlackElo "2295"]
[PlyCount "106"]
[EventDate "2019.01.19"]
[EventType "tourn"]
[EventRounds "9"]
[EventCountry "CZE"]
[EventCategory "7"]
[SourceTitle "CBM 188 Extra"]
[Source "ChessBase"]
[SourceDate "2019.02.26"]
[SourceVersion "1"]
[SourceVersionDate "2019.02.26"]
[SourceQuality "1"]

1. d4 Nf6 2. c4 e6 3. Nf3 c5 4. d5 exd5 5. cxd5 d6 6. Nc3 g6 7. Nd2 Bg7 8. e4 0-0 9. Be2 Na6 10. 0-0 Nc7 11. a4 Re8 12. Re1 Rb8 13. h3 b6 14. Bb5 Re7 15. Nf3 Nxb5 16. axb5 Qe8 17. e5 Nd7 18. Bg5 f6 19. exf6 Nxf6 20. Rxa7 Rxe1+ 21. Qxe1 Qxe1+ 22. Nxe1 Bb7 23. Nc2 Ne8 24. Bf4 Bxc3 25. bxc3 Bxd5 26. Ne3 Rb7 27. Ra8 Bf7 28. Bxd6 Kg7 29. Be5+ Kf8 30. Bd6+ Kg7 31. Be5+ Kf8 32. f4 Ke7 33. Kf2 Nd6 34. Bxd6+ Kxd6 35. g4 Ke7 36. h4 Rd7 37. Ke2 c4 38. Rb8 Rd3 39. Rb7+ Kf8 40. Rxb6 Rxc3 41. Rc6 Rb3 42. b6 Be8 43. Rc8 Rxb6 44. Nxc4 Rc6 45. Rxc6 Bxc6 46. Ne5 Be4 47. Ke3 Bb1 48. Kd4 Ke7 49. Nc6+ Kf6 50. Kd5 h5 51. Ne5 hxg4 52. Nxg4+ Kf5 53. Ne5 Kxf4 1/2-1/2

[Event "Marianske Lazne GM-A1 18th"]
[Site "Marianske Lazne"]
[Date "2019.01.22"]
[Round "5"]
[White "Oboladze, Luka"]
[Black "Cernousek, Lukas"]
[Result "1/2-1/2"]
[WhiteElo "2295"]
[BlackElo "2427"]
[PlyCount "124"]
[EventDate "2019.01.19"]
[EventType "tourn"]
[EventRounds "9"]
[EventCountry "CZE"]
[EventCategory "7"]
[SourceTitle "CBM 188 Extra"]
[Source "ChessBase"]
[SourceDate "2019.02.26"]
[SourceVersion "1"]
[SourceVersionDate "2019.02.26"]
[SourceQuality "1"]

1. e4 c6 2. d4 d5 3. exd5 cxd5 4. Bd3 Nc6 5. c3 Qc7 6. h3 Nf6 7. Nf3 g6 8. Na3 Bf5 9. Nc2 Bxd3 10. Qxd3 Bg7 11. 0-0 0-0 12. Re1 Rfd8 13. Bg5 h6 14. Bh4 Nh5 15. Ne5 Nxe5 16. dxe5 Bxe5 17. Qe3 Bf4 18. Qxe7 g5 19. Qxc7 Bxc7 20. g4 Nf4 21. Bg3 Nxh3+ 22. Kg2 Nf4+ 23. Bxf4 Bxf4 24. Nd4 Bd6 25. Nf5 Bf8 26. Rad1 Rd7 27. Rd3 Rad8 28. Red1 f6 29. c4 d4 30. Rxd4 Rxd4 31. Rxd4 Rxd4 32. Nxd4 Bc5 33. Nb3 Bb6 34. Kf3 Kf7 35. c5 Bc7 36. Ke4 Kg6 37. Nd4 h5 38. gxh5+ Kxh5 39. b4 Kg6 40. b5 Kf7 41. Kf5 Ke7 42. c6 bxc6 43. Nxc6+ Kd6 44. Nxa7 Kc5 45. Kxf6 g4 46. a4 Kb4 47. Nc8 Kxa4 48. b6 g3 49. fxg3 Bxg3 50. Ke6 Kb5 51. Kd7 Kc5 52. b7 Bh2 53. Ne7 Kb6 54. Kc8 Bg3 55. Nf5 Bh2 56. Ne3 Kc6 57. Nc4 Bg3 58. Nb2 Bh2 59. Nd1 Bg3 60. Ne3 Bh2 61. Nf5 Kb6 62. Nd4 Bg3 1/2-1/2

[Event "Marianske Lazne GM-A1 18th"]
[Site "Marianske Lazne"]
[Date "2019.01.21"]
[Round "3"]
[White "Oboladze, Luka"]
[Black "Makarian, Rudik"]
[Result "0-1"]
[WhiteElo "2295"]
[BlackElo "2354"]
[PlyCount "56"]
[EventDate "2019.01.19"]
[EventType "tourn"]
[EventRounds "9"]
[EventCountry "CZE"]
[EventCategory "7"]
[SourceTitle "CBM 188 Extra"]
[Source "ChessBase"]
[SourceDate "2019.02.26"]
[SourceVersion "1"]
[SourceVersionDate "2019.02.26"]
[SourceQuality "1"]

1. d4 Nf6 2. c4 e6 3. Nf3 b6 4. g3 Bb7 5. Bg2 Be7 6. 0-0 0-0 7. Re1 d5 8. cxd5 exd5 9. Nc3 Na6 10. Ne5 c5 11. Bf4 Ne4 12. Qa4 Qe8 13. Qxe8 Rfxe8 14. Nb5 cxd4 15. Nd3 Bf6 16. h4 Bc6 17. a4 Nec5 18. Bd6 Nxa4 19. Nc7 Nxc7 20. Bxc7 Rac8 21. Nb4 Rxc7 22. Nxc6 Rxc6 23. Rxa4 d3 24. Bxd5 d2 25. Rd1 Rc1 26. Bb3 Rxe2 27. Rxa7 h5 28. Bxf7+ Kh7 0-1

[Event "Prague op-A 18th"]
[Site "Prague"]
[Date "2019.01.15"]
[Round "6"]
[White "Oboladze, Luka"]
[Black "Haase, Pavel"]
[Result "1-0"]
[WhiteElo "2295"]
[BlackElo "2141"]
[PlyCount "55"]
[EventDate "2019.01.11"]
[EventType "swiss"]
[EventRounds "9"]
[EventCountry "CZE"]
[SourceTitle "CBM 188 Extra"]
[Source "ChessBase"]
[SourceDate "2019.02.26"]
[SourceVersion "1"]
[SourceVersionDate "2019.02.26"]
[SourceQuality "1"]

1. c4 c5 2. Nf3 Nc6 3. Nc3 g6 4. g3 Bg7 5. Bg2 h5 6. a3 Nh6 7. Rb1 Nf5 8. h3 a5 9. d3 Ncd4 10. Nxd4 cxd4 11. Ne4 b5 12. cxb5 Rb8 13. a4 d5 14. Nd2 Qd6 15. Nf3 e5 16. b4 axb4 17. Qb3 0-0 18. Qxb4 Qf6 19. Bg5 Qe6 20. g4 hxg4 21. hxg4 Nd6 22. Bh6 Bxh6 23. Rxh6 Bd7 24. Nxd4 Qf6 25. Nb3 d4 26. g5 Qxg5 27. Qxd6 Bc6 28. Nxd4 1-0

[Event "World ol U16"]
[Site "Konya"]
[Date "2018.11.30"]
[Round "7.7"]
[White "Travadon, Loic"]
[Black "Oboladze, Luka"]
[Result "1-0"]
[WhiteElo "2310"]
[BlackElo "2318"]
[PlyCount "99"]
[EventDate "2018.11.25"]
[EventType "team-swiss"]
[EventRounds "9"]
[EventCountry "TUR"]
[SourceTitle "CBM 187 Extra"]
[Source "ChessBase"]
[SourceDate "2018.11.04"]
[SourceVersion "1"]
[SourceVersionDate "2018.11.04"]
[SourceQuality "1"]
[WhiteTeam "France"]
[BlackTeam "Georgia"]
[WhiteTeamCountry "FRA"]
[BlackTeamCountry "GEO"]

1. e4 c5 2. Nf3 d6 3. Nc3 Nf6 4. d4 cxd4 5. Nxd4 Nc6 6. Bg5 e6 7. Qd2 Be7 8. 0-0-0 0-0 9. f4 Nxd4 10. Qxd4 Qa5 11. Bc4 Bd7 12. e5 dxe5 13. fxe5 Bc6 14. Bd2 Nd7 15. Nd5 Qd8 16. Nxe7+ Qxe7 17. Rhe1 b5 18. Bf1 a5 19. h4 Rfc8 20. Bg5 Qc5 21. Qxc5 Nxc5 22. Be7 Bd5 23. Bxb5 Bxa2 24. Kd2 Bd5 25. Ke3 h5 26. Ra1 a4 27. b4 axb3 28. Rxa8 Bxa8 29. Kd4 Nb7 30. cxb3 Na5 31. b4 Nc6+ 32. Bxc6 Bxc6 33. Rc1 Bb7 34. Rxc8+ Bxc8 35. Kc5 Bb7 36. g3 Kh7 37. b5 Kg6 38. Kd6 Kf5 39. Bf8 g5 40. Be7 g4 41. b6 Ke4 42. Bg5 Kf5 43. Bf4 f6 44. exf6 Kxf6 45. Kc7 Bd5 46. b7 Bxb7 47. Kxb7 e5 48. Bc1 Kf5 49. Kc6 Ke4 50. Bb2 1-0

[Event "World ol U16"]
[Site "Konya"]
[Date "2018.11.28"]
[Round "5.6"]
[White "Oboladze, Luka"]
[Black "Pajeken, Jakob Leon"]
[Result "1-0"]
[WhiteElo "2318"]
[BlackElo "2314"]
[PlyCount "153"]
[EventDate "2018.11.25"]
[EventType "team-swiss"]
[EventRounds "9"]
[EventCountry "TUR"]
[SourceTitle "CBM 187 Extra"]
[Source "ChessBase"]
[SourceDate "2018.11.04"]
[SourceVersion "1"]
[SourceVersionDate "2018.11.04"]
[SourceQuality "1"]
[WhiteTeam "Georgia"]
[BlackTeam "Germany"]
[WhiteTeamCountry "GEO"]
[BlackTeamCountry "GER"]

1. e4 e5 2. Nf3 Nc6 3. Bb5 a6 4. Ba4 Nf6 5. 0-0 Be7 6. Re1 b5 7. Bb3 d6 8. c3 0-0 9. h3 Nb8 10. d4 Nbd7 11. a4 Bb7 12. Nbd2 c5 13. d5 c4 14. Bc2 Qc7 15. Nf1 Nc5 16. Ng3 g6 17. Bh6 Rfb8 18. Nh2 Bc8 19. Qe2 Bd7 20. axb5 Rxb5 21. Ra2 Rb7 22. f4 Qb8 23. Rb1 a5 24. Nf3 Bb5 25. fxe5 dxe5 26. Nd2 Ne8 27. Be3 Nd3 28. Bxd3 cxd3 29. Qf2 Qc8 30. Rc1 Bc4 31. Ra4 Bb5 32. Raa1 Bc4 33. b4 Rb5 34. Ra4 Ra6 35. bxa5 Nd6 36. Rca1 Bd8 37. Qf1 Rbxa5 38. Nxc4 Nxc4 39. Rxa5 Bxa5 40. Bf2 Bb6 41. Bxb6 Rxa1 42. Qxa1 Nxb6 43. Qb1 Qc5+ 44. Kh2 d2 45. Qd3 Nc4 46. Nf1 Qf2 47. d6 Nxd6 48. Nxd2 Ne8 49. Nf3 Nf6 50. Qd6 Qg3+ 51. Kxg3 Nxe4+ 52. Kh4 Nxd6 53. Nxe5 Kg7 54. Kg4 Kf6 55. Nf3 Ne4 56. c4 Ke7 57. Kf4 Nd6 58. c5 Ne8 59. Nd4 f6 60. Ke4 Kd7 61. Kd5 Nc7+ 62. Kc4 h5 63. Ne2 Kc6 64. Nf4 Na6 65. Ne6 g5 66. Nd4+ Kd7 67. Kb5 Nc7+ 68. Kb6 Nd5+ 69. Kb7 Nb4 70. g3 g4 71. h4 Nd5 72. c6+ Kd6 73. Ne2 Ne7 74. c7 Kd7 75. Nf4 Nc8 76. Nxh5 Nd6+ 77. Kb8 1-0

[Event "World ol U16"]
[Site "Konya"]
[Date "2018.11.26"]
[Round "2.5"]
[White "Kistrup, Nicolai"]
[Black "Oboladze, Luka"]
[Result "1-0"]
[WhiteElo "2092"]
[BlackElo "2318"]
[PlyCount "163"]
[EventDate "2018.11.25"]
[EventType "team-swiss"]
[EventRounds "9"]
[EventCountry "TUR"]
[SourceTitle "CBM 187 Extra"]
[Source "ChessBase"]
[SourceDate "2018.11.04"]
[SourceVersion "1"]
[SourceVersionDate "2018.11.04"]
[SourceQuality "1"]
[WhiteTeam "Denmark"]
[BlackTeam "Georgia"]
[WhiteTeamCountry "DEN"]
[BlackTeamCountry "GEO"]

1. d4 Nf6 2. c4 g6 3. Nc3 d5 4. cxd5 Nxd5 5. e4 Nxc3 6. bxc3 Bg7 7. Nf3 c5 8. Be3 Qa5 9. Nd2 cxd4 10. Nc4 Qd8 11. cxd4 0-0 12. Rc1 f5 13. Qb3 Kh8 14. Ne5 e6 15. Bc4 f4 16. Bxe6 Bxe6 17. Qxe6 fxe3 18. 0-0 Qe8 19. Qxe8 Rxe8 20. Nf7+ Kg8 21. fxe3 Nc6 22. Nd6 Re7 23. e5 Bh6 24. Rc3 Nb4 25. Rb3 Nd5 26. Re1 Rd8 27. Kf2 Rf8+ 28. Ke2 Rc7 29. Rxb7 Rc3 30. Rb3 Rc2+ 31. Kd3 Rxa2 32. Ke4 Ne7 33. g4 Nc8 34. Kd5 Ra6 35. Nxc8 Rxc8 36. Reb1 Bf8 37. Rb8 Rc7 38. Rf1 Rd7+ 39. Ke4 Rf7 40. Rxf7 Kxf7 41. Rb7+ Be7 42. d5 Ra4+ 43. Kf3 Ke8 44. d6 Bf8 45. Rb8+ Kf7 46. d7 Be7 47. Re8 g5 48. d8Q Bxd8 49. Rxd8 Ke6 50. Re8+ Kf7 51. Rh8 Ke6 52. Rxh7 Kxe5 53. Rf7 Ra2 54. Rf5+ Ke6 55. Rxg5 Rxh2 56. Ra5 Rh7 57. Ke4 Rb7 58. Ra6+ Kf7 59. Kf5 Rb5+ 60. Kf4 Rb1 61. Rxa7+ Kf6 62. Ra6+ Kf7 63. e4 Rf1+ 64. Kg5 Rg1 65. e5 Rg2 66. e6+ Ke7 67. Kf5 Rf2+ 68. Kg6 Rg2 69. g5 Rg1 70. Kh6 Kf8 71. Ra7 Re1 72. e7+ Ke8 73. Kg7 Rg1 74. Kg6 Rg2 75. Rb7 Rg1 76. Kf6 Rf1+ 77. Kg7 Rg1 78. Rb5 Kxe7 79. Re5+ Kd6 80. Kf6 Rf1+ 81. Rf5 Ra1 82. g6 1-0

[Event "Olympiad-43"]
[Site "Batumi"]
[Date "2018.10.05"]
[Round "11.2"]
[White "Gong, Qianyun"]
[Black "Oboladze, Luka"]
[Result "1-0"]
[WhiteElo "2321"]
[BlackElo "2340"]
[PlyCount "117"]
[EventDate "2018.09.24"]
[EventType "team-swiss"]
[EventRounds "11"]
[EventCountry "GEO"]
[SourceTitle "CBM 187"]
[Source "ChessBase"]
[SourceDate "2018.12.11"]
[SourceVersion "1"]
[SourceVersionDate "2018.12.11"]
[SourceQuality "1"]
[WhiteTeam "Singapore"]
[BlackTeam "Georgia III"]
[WhiteTeamCountry "SIN"]
[BlackTeamCountry "GEO"]

1. e4 c5 2. Nf3 Nc6 3. Bb5 e6 4. 0-0 Nge7 5. Ba4 a6 6. c4 Ng6 7. d4 cxd4 8. Nxd4 Qc7 9. Be3 Nxd4 10. Bxd4 Bd6 11. g3 0-0 12. Nd2 b6 13. Rc1 Bb7 14. c5 bxc5 15. b4 f5 16. Bxc5 Bxc5 17. Rxc5 Qd8 18. exf5 d6 19. Ra5 exf5 20. Bb3+ Kh8 21. Nf3 Qf6 22. Bd5 Bxd5 23. Rxd5 Rfd8 24. Qd4 Qxd4 25. Nxd4 Ne7 26. Ra5 Kg8 27. Re1 Kf7 28. Rxe7+ Kxe7 29. Nc6+ Kd7 30. Nxd8 Kxd8 31. Rxf5 Ke7 32. Ra5 Rb8 33. a3 Rb6 34. f4 Ke6 35. Kf2 g6 36. Ke3 Rc6 37. g4 Kf6 38. Kd4 Ke6 39. h4 Kf6 40. h5 Ke6 41. h6 Rb6 42. g5 Rc6 43. a4 Rb6 44. b5 axb5 45. Rxb5 Ra6 46. a5 Ra7 47. Ke4 Ra6 48. Kf3 Ra7 49. Kg4 Kd7 50. f5 gxf5+ 51. Rxf5 Ke6 52. Rb5 Ke7 53. a6 Rxa6 54. Rb7+ Ke6 55. Rxh7 Ra1 56. Kh5 d5 57. Rb7 d4 58. h7 d3 59. Kg6 1-0

[Event "Olympiad-43"]
[Site "Batumi"]
[Date "2018.10.02"]
[Round "8.1"]
[White "Priasmoro, Novendra"]
[Black "Oboladze, Luka"]
[Result "1-0"]
[WhiteElo "2498"]
[BlackElo "2340"]
[PlyCount "83"]
[EventDate "2018.09.24"]
[EventType "team-swiss"]
[EventRounds "11"]
[EventCountry "GEO"]
[SourceTitle "CBM 187"]
[Source "ChessBase"]
[SourceDate "2018.12.11"]
[SourceVersion "1"]
[SourceVersionDate "2018.12.11"]
[SourceQuality "1"]
[WhiteTeam "Indonesia"]
[BlackTeam "Georgia III"]
[WhiteTeamCountry "INA"]
[BlackTeamCountry "GEO"]

1. d4 d5 2. Nf3 Nf6 3. c4 e6 4. Nc3 dxc4 5. Qa4+ c6 6. Qxc4 b5 7. Qd3 a6 8. e4 Nbd7 9. Be2 Bb7 10. e5 Nd5 11. Nxd5 cxd5 12. Bd2 Be7 13. h4 b4 14. Ng5 a5 15. Qf3 Bxg5 16. Bxg5 Qb6 17. Qg4 Ba6 18. Bxa6 Qxa6 19. Be3 Kf8 20. Rc1 Rc8 21. Rxc8+ Qxc8 22. 0-0 h5 23. Qg5 g6 24. Rc1 Qb8 25. Rc6 Qe8 26. Ra6 Kg7 27. Rxa5 Qb8 28. Qe7 Qd8 29. Qxd8 Rxd8 30. Ra7 Nb8 31. Rc7 Na6 32. Rb7 Rb8 33. Ra7 Rb6 34. Bg5 Nb8 35. Rc7 Rc6 36. Bf6+ Kf8 37. Be7+ Ke8 38. Rb7 Na6 39. Bd6 Rc2 40. Ra7 Rc6 41. Re7+ Kd8 42. Rxf7 1-0